000 00600nam a2200229Ia 4500
003 OSt
005 20220928140605.0
006 a|||||r|||| 00| 0
007 ta
008 220927b |||||||| |||| 00| 0 eng d
024 _a9709
037 _cTextual
040 _aSDCL
_cSDCL
_beng
041 _2eng
_aeng
082 _aD6,8(B),7, N7
100 _aWooffitt Robin
_9496092
245 0 _aHumans, computers and wizards .
260 _c1997
700 _a Fraser Norman M
_9496093
942 _hD6,8(B),7, N7
_cTEXL
_2CC
999 _c812359
_d812359